00705nam a22002057a 4500003000500000005001700005008004100022010001000063011001000073035001000083040000900093100003100102245010800133260004000241300002200281502009800303650002900401650002700430650004200457CHAP20250819101531.0971013s1978 r 00010 d a52355 a53327 a57477 cCHAP10aPortillo Vázquez, Marcos aRecomendaciones económicas para el uso de fertilizantes en áreas de temporal del estado de Tlaxcala aChapingo, Méx. :bEl autor,c1978 a86 h.b: apénd. aTesis (Ing. Agr. Esp. en Economía Agrícola) -- ENA. Departamento de Economía Agrícola14aAgricultura de temporal.14aAgriculturazTlaxcala.14aFertilizantesxAspectos económicos.